000 00537nam a22001817a 4500
999 _c190746
_d190746
005 20220804102420.0
010 _aENG-134249
020 _a9789385132568
_c170.00
035 _aEN-117781
037 _bDBAD/PUB
082 _a005.3
100 _aRenuka, R.
245 _aExcel Foundation/
_cR. Renuka
260 _aHyderabad
_bVaagdevi Publishers
_c2018
270 _aH.No. 2-2-1167/2H, Near Railway Bridge, Tilaknagar, Nallakunta
_bHyderabad
_e500044
300 _a170p.
_c24cm(pbk)
942 _2ddc
_cEN
_h005.3
_mREN